书目信息 |
| 题名: |
有限单元法基础
|
|
| 作者: | 王焕定 , 焦兆平 编著 | |
| 分册: | ||
| 出版信息: | 北京 高等教育出版社 2002.08 |
|
| 页数: | 182页 | |
| 开本: | 26cm | |
| 丛书名: | ||
| 单 册: | ||
| 中图分类: | O241.82 | |
| 科图分类: | ||
| 主题词: | 计算数学 | |
| 电子资源: | ||
| ISBN: | 7-04-010684-1 | |
| 000 | 00629nam0 2200205 45 | |
| 001 | 0239341467 | |
| 005 | 20050703154858.29 | |
| 010 | @a7-04-010684-1@dRMB 22.90 | |
| 100 | @a20020611d2002 km y0chiy0120 ea | |
| 101 | 0 | @achi |
| 102 | @aCN@b110000 | |
| 200 | 1 | @a有限单元法基础@AYou Xian Dan Yuan Fa Ji Chu@f王焕定,焦兆平编著@Fwang huan ding,jiao zhao ping bian zhu |
| 210 | @a北京@c高等教育出版社@d2002.08 | |
| 215 | @a182页@d26cm | |
| 606 | 0 | @a计算数学 |
| 690 | @aO241.82@v3 | |
| 701 | 0 | @a王焕定@Awang huan ding@4编著 |
| 701 | 0 | @a焦兆平@Ajiao zhao ping@4编著 |
| 801 | 0 | @aCN@bPFT@c20050703 |
| 905 | @a安徽大学@dO241.82@eW210 | |
| 有限单元法基础/王焕定,焦兆平编著.-北京:高等教育出版社,2002.08 |
| 182页;26cm |
| ISBN 7-04-010684-1:RMB 22.90 |
| ● |
| 相关链接 |
|
|
|
正题名:有限单元法基础
索取号:O241.82/W210
 
预约/预借
| 序号 | 登录号 | 条形码 | 馆藏地/架位号 | 状态 | 备注 |
| 1 | 363751 | 203637519 | 自科库401/401自科库 79排2列4层/ [索取号:O241.82/W210] | 在馆 | |
| 2 | 363752 | 203637528 | 自科库401/ [索取号:O241.82/W210] | 在馆 | |
| 3 | 363753 | 203637537 | 自科库401/401自科库 79排2列4层/ [索取号:O241.82/W210] | 在馆 | |
| 4 | 550027 | 205500279 | 自科库401/401自科库 79排2列4层/ [索取号:O241.82/W210] | 在馆 | |
| 5 | 550028 | 205500288 | 自科库401/401自科库 79排2列4层/ [索取号:O241.82/W210] | 在馆 | |
| 6 | 550029 | 205500297 | 自科库401/401自科库 79排2列4层/ [索取号:O241.82/W210] | 在馆 |